Statistics for US Battleships in Numerical Order

Click here to take the quiz!

General Stats

  • This quiz has been taken 25 times
  • The average score is 22 of 66

Answer Stats

NumberBattleship% Correct
BB-62New Jersey
72%
BB-61Iowa
67%
BB-63Missouri
67%
BB-64Wisconsin
67%
BB-55North Carolina
61%
BB-1Indiana
56%
BB-60Alabama
50%
BB-4Iowa
50%
BB-5Kearsarge
50%
BB-59Massachusetts
50%
BB-57South Dakota
50%
BB-56Washington
50%
BB-39Arizona
44%
BB-58Indiana
44%
BB-46Maryland
44%
BB-2Massachusetts
44%
BB-34New York
44%
BB-3Oregon
44%
BB-38Pennsylvania
44%
BB-45Colorado
39%
BB-6Kentucky
39%
BB-40New Mexico
39%
BB-35Texas
39%
BB-44California
33%
BB-66Kentucky
33%
BB-10Maine
33%
BB-41Mississippi
33%
BB-36Nevada
33%
BB-43Tennessee
33%
BB-47Washington
33%
BB-48West Virginia
33%
BB-8Alabama
28%
BB-30Florida
28%
BB-15Georgia
28%
BB-42Idaho
28%
BB-7Illinois
28%
BB-65Illinois
28%
BB-52North Carolina
28%
BB-37Oklahoma
28%
BB-49South Dakota
28%
BB-9Wisconsin
28%
BB-33Arkansas
22%
BB-53Iowa
22%
BB-11Missouri
22%
BB-14Nebraska
22%
BB-25New Hampshire
22%
BB-16New Jersey
22%
BB-12Ohio
22%
BB-26South Carolina
22%
BB-31Utah
22%
BB-20Vermont
22%
BB-13Virginia
22%
BB-32Wyoming
22%
BB-18Connecticut
17%
BB-28Delaware
17%
BB-50Indiana
17%
BB-21Kansas
17%
BB-19Louisiana
17%
BB-54Massachusetts
17%
BB-27Michigan
17%
BB-51Montana
17%
BB-17Rhode Island
17%
BB-24Idaho
11%
BB-22Minnesota
11%
BB-23Mississippi
11%
BB-29North Dakota
11%

Score Distribution

Percentile by Number Answered

Percent of People with Each Score

Your Score History

You have not taken this quiz